000 00730nam a2200253Ia 4500
003 OSt
005 20221006143316.0
006 a|||||r|||| 00| 0
007 ta
008 221006b |||||||| |||| 00| 0 eng d
020 _a0876090218
_c
_6.95
024 _a8,614
037 _cTextual
040 _aEASL
_cEASL
_beng
041 _2eng
_aeng
082 _aX8(F).5.N8, M7
100 _aPIERRE Andrew J etc. Ed.
_9649627
245 0 _aHigh technology gap?
_b Europe , America and Japan
260 _aNew York
_bCouncil on Foreign Relations
_c1987
300 _a114p.
_ccm.
490 _v Oth
_aEurope America; 6
942 _hX8(F).5.N8, M7
_cTEXL
_2CC
999 _c1076700
_d1076700